000 00514nam a2200193Ia 4500
005 20140311163137.0
008 140130s9999 xx 000 0 und d
020 _a0590738879
050 _aPZ 7
_b.M478818Day 1997
100 _aMcPhail, David
_923236
245 _cMcPhail, David
_aCock a doodle doo (w/cd) /
260 _bScholastic,
_c1997.
_aNew York :
300 _a1 v. (unpaged) :
_bcol. ill. ;
_c23 cm.
440 _v1
_931174
521 _aG3
526 _c420
942 _cBK
_2lcc
999 _c41696
_d41696